| 000 | 00553nam a22002057a 4500 | ||
|---|---|---|---|
| 003 | OSt | ||
| 005 | 20181004132109.0 | ||
| 008 | 181004b xxu||||| |||| 00| 0 eng d | ||
| 020 | _a0697137031 | ||
| 040 | _cDDC. | ||
| 082 | _a590 MIL 1994. | ||
| 100 |
_aMiller,A. Stephen; _912707 |
||
| 245 | _aGeneral Zoology:Laboratory Manual. | ||
| 250 | _a3rd ed. | ||
| 260 | _aEngland,Wm.C.Brown Publishers;1994. | ||
| 300 |
_axvi,326p; _bill; _c28cm. |
||
| 504 | _aincludes glossary,appendix and credits. | ||
| 650 |
_aZoology. _98070 |
||
| 942 |
_2ddc _cO_SHELF |
||
| 999 |
_c6152 _d6152 |
||